000 00215nam a2200085Ia 4500
008 120527s9999 xx 000 0 und d
100 _aWesterman & Peterson
245 _aFinanacial management and analysis
942 _cBK
999 _c27179
_d27179